Countries with a Tim Hortons - Statistics

General Stats
  • This quiz has been taken 81 times
  • The average score is 9 of 14
Answer Stats
No. of Locations Answer % Correct
4,286 Canada
100%
620 United States of America
100%
20 Mexico
95%
20 United Kingdom
88%
50 China
70%
6 Spain
66%
106 United Arab Emirates
59%
55 Saudi Arabia
55%
7 Qatar
50%
6 Oman
48%
2 Kuwait
47%
2 Bahrain
44%
7 Thailand
44%
20 Philippines
36%
No matching quizzes found
Score Distribution
Percent of People with Each Score
Percentile by Number Answered
Your Score History
You have not taken this quiz